| 000 | 01039cam a22002894a 4500 | ||
|---|---|---|---|
| 001 | 13821235 | ||
| 003 | ARRUPE | ||
| 005 | 20211015110039.0 | ||
| 008 | 041220s2005 maua b 001 0 eng | ||
| 010 | _a 2004063262 | ||
| 020 | _a0262025841 (alk. paper) | ||
| 040 |
_aDLC _cDLC _dDLC |
||
| 042 | _apcc | ||
| 050 | 0 | 0 |
_aB105.I49 _bB97 2005 |
| 082 | 0 | 0 |
_a128/.3 _222 |
| 100 | 1 |
_aByrne, Ruth M. J. _950514 |
|
| 245 | 1 | 4 |
_aThe rational imagination : _bhow people create alternatives to reality / _cRuth M.J. Byrne. |
| 260 |
_aCambridge, Mass. : _bMIT Press, _cc2005. |
||
| 300 |
_axiv, 254 p. : _bill. ; _c24 cm. |
||
| 500 | _a"A Bradford book." | ||
| 504 | _aIncludes bibliographical references (p. [217]-241) and index. | ||
| 650 | 0 |
_aImagination (Philosophy) _911423 |
|
| 650 | 0 |
_aReasoning. _912415 |
|
| 906 |
_a7 _bcbc _corignew _d1 _eocip _f20 _gy-gencatlg |
||
| 942 |
_2lcc _cMONOGRAPH |
||
| 999 |
_c130897 _d130897 |
||